00817naa#a2200169#i#4500001002200000005001700022011001400039100004100053102000700094200019400101210016900295215001000464608004500474675008700519700002600606856001500632RU\INFRA-M\bibl\9595120260426075743.7##a2587-9103##a20250226b2025####ek#y0rusy0150####ca##aRU1#aПроблемы передачи немецких полисемантов и диффузивов в межкультурной коммуникацииeЖурнальная статья1#aМоскваcОбщество с ограниченной ответственностью «Научно-издательский центр ИНФРА-М»d2025##a6 с.##aЖурнальная статья2local##aНемецкий литературный письменный язык. 811.112.2#1aЗлобинgА. Н.4#anaukaru.ru